[Event "11th LCC Super Blitz 2019"]
[Site "London"]
[Date "2019.12.08"]
[Round "11.4"]
[White "Stamatopoulos, Apostolos"]
[Black "Tanmay Chopra"]
[Result "1/2-1/2"]
[WhiteElo "1782"]
[BlackElo "2100"]
[Annotator "NA"]
[PlyCount "108"]
[EventDate "2019.12.08"]
[EventType "swiss"]
[EventCountry "ENG"]
[SourceTitle "playchess.com"]
[Source "ChessBase"]
[SourceQuality "1"]
[TimeControl "180+2"]

1. Nf3 {[%emt 0:00:01]} c5 {[%emt 0:00:00]} 2. e3 {[%emt 0:00:10]} Nc6 {[%emt 0:00:02]} 3. d4 {[%emt 0:00:01]} d5 {[%emt 0:00:03]} 4. b3 {[%emt 0:00:04]} Nf6 {[%emt 0:00:19]} 5. h3 {[%emt 0:00:12]} Bf5 {[%emt 0:00:03]} 6. Bd3 {[%emt 0:00:15]} Bg6 {[%emt 0:00:03]} 7. O-O {[%emt 0:00:04]} e6 {[%emt 0:00:02]} 8. Bb2 {[%emt 0:00:02]} Bd6 {[%emt 0:00:06]} 9. Nbd2 {[%emt 0:00:02]} Bxd3 {[%emt 0:00:05]} 10. cxd3 {[%emt 0:00:02]} cxd4 {[%emt 0:00:03]} 11. Nxd4 {[%emt 0:00:03]} O-O {[%emt 0:00:10]} 12. Nxc6 {[%emt 0:00:08]} bxc6 {[%emt 0:00:01]} 13. Rc1 {[%emt 0:00:00]} c5 {[%emt 0:00:04]} 14. Nf3 {[%emt 0:00:05]} Nd7 {[%emt 0:00:05]} 15. Ba3 {[%emt 0:00:13]} Qa5 {[%emt 0:00:01]} 16. Bb2 {[%emt 0:00:20]} Qxa2 {[%emt 0:00:01]} 17. Qc2 {[%emt 0:00:01]} Rfb8 {[%emt 0:00:03]} 18. Nd2 {[%emt 0:00:02]} Be5 {[%emt 0:00:08]} 19. d4 {[%emt 0:00:06]} cxd4 {[%emt 0:00:03]} 20. exd4 {[%emt 0:00:14]} Bf4 {[%emt 0:00:26]} 21. Ra1 {[%emt 0:00:04]} Rc8 {[%emt 0:00:00]} 22. Qxc8+ {[%emt 0:00:04]} Rxc8 {[%emt 0:00:01]} 23. Rxa2 {[%emt 0:00:02]} Bxd2 {[%emt 0:00:02]} 24. Rxa7 {[%emt 0:00:03]} Nf6 {[%emt 0:00:01]} 25. Rfa1 {[%emt 0:00:07]} Bf4 {[%emt 0:00:25]} 26. Ra8 {[%emt 0:00:03]} Bb8 {[%emt 0:00:02]} 27. R1a7 {[%emt 0:00:12]} Ne8 {[%emt 0:00:09]} 28. Rb7 {[%emt 0:00:08]} Bh2+ {[%emt 0:00:01]} 29. Kxh2 {[%emt 0:00:06]} Rxa8 {[%emt 0:00:01]} 30. b4 {[%emt 0:00:05]} Nd6 {[%emt 0:00:02]} 31. Rd7 {[%emt 0:00:19]} Nc4 {[%emt 0:00:02]} 32. Bc1 {[%emt 0:00:01]} Rc8 {[%emt 0:00:12]} 33. Bf4 {[%emt 0:00:07]} Kf8 {[%emt 0:00:16]} 34. b5 {[%emt 0:00:04]} Ke8 {[%emt 0:00:07]} 35. Rb7 {[%emt 0:00:00]} Na5 {[%emt 0:00:21]} 36. Ra7 {[%emt 0:00:03]} Nc4 {[%emt 0:00:04]} 37. Rb7 {[%emt 0:00:00]} Na5 {[%emt 0:00:04]} 38. Ra7 {[%emt 0:00:03]} Nc4 {[%emt 0:00:01]} 39. Ra6 {[%emt 0:00:05]} Kd7 {[%emt 0:00:11]} 40. Ra7+ {[%emt 0:00:03]} Ke8 {[%emt 0:00:02]} 41. Ra6 {[%emt 0:00:01]} Kd7 {[%emt 0:00:01]} 42. b6 {[%emt 0:00:20]} Kc6 {[%emt 0:00:11]} 43. Bc7 {[%emt 0:00:00]} Re8 {[%emt 0:00:16]} 44. Ra7 {[%emt 0:00:07]} f6 {[%emt 0:00:03]} 45. Ra6 {[%emt 0:00:03]} e5 {[%emt 0:00:01]} 46. dxe5 {[%emt 0:00:03]} fxe5 {[%emt 0:00:01]} 47. Kg3 {[%emt 0:00:03]} d4 {[%emt 0:00:01]} 48. Kf3 {[%emt 0:00:01]} e4+ {[%emt 0:00:01]} 49. Ke2 {[%emt 0:00:02]} d3+ {[%emt 0:00:01]} 50. Kd1 {[%emt 0:00:02]} e3 {[%emt 0:00:01]} 51. fxe3 {[%emt 0:00:03]} Rxe3 {[%emt 0:00:01]} 52. Ra4 {[%emt 0:00:01]} Nb2+ {[%emt 0:00:02]} 53. Kd2 {[%emt 0:00:01]} Re2+ {[%emt 0:00:02]} 54. Kc3 {[%emt 0:00:02]} Nxa4+ {[%emt 0:00:01]} 1/2-1/2

[Event "11th LCC Super Blitz 2019"]
[Site "London"]
[Date "2019.12.08"]
[Round "11.5"]
[White "Cox, John J"]
[Black "Roberson, Peter T"]
[Result "1-0"]
[WhiteElo "2346"]
[BlackElo "2282"]
[Annotator "NA"]
[PlyCount "115"]
[EventDate "2019.12.08"]
[EventType "swiss"]
[EventCountry "ENG"]
[SourceTitle "playchess.com"]
[Source "ChessBase"]
[SourceQuality "1"]
[TimeControl "180+2"]

1. c4 {[%emt 0:00:00]} b6 {[%emt 0:00:00]} 2. d4 {[%emt 0:00:02]} Bb7 {[%emt 0:00:02]} 3. a3 e6 {[%emt 0:00:00]} 4. Nc3 {[%emt 0:00:02]} f5 {[%emt 0:00:00]} 5. d5 {[%emt 0:00:02]} Be7 {[%emt 0:00:00]} 6. g3 {[%emt 0:00:05]} Bf6 {[%emt 0:00:01]} 7. Qc2 {[%emt 0:00:03]} Ne7 {[%emt 0:00:01]} 8. Bg2 {[%emt 0:00:02]} O-O {[%emt 0:00:03]} 9. Nh3 {[%emt 0:00:04]} a5 {[%emt 0:00:15]} 10. O-O {[%emt 0:00:02]} Na6 {[%emt 0:00:18]} 11. d6 {[%emt 0:00:08]} Nc6 {[%emt 0:00:01]} 12. dxc7 {[%emt 0:00:02]} Nxc7 {[%emt 0:00:11]} 13. Be3 {[%emt 0:00:10]} Na6 {[%emt 0:00:21]} 14. Rfd1 {[%emt 0:00:06]} Nc5 {[%emt 0:00:07]} 15. Nf4 {[%emt 0:00:06]} Qe7 {[%emt 0:00:03]} 16. Rab1 {[%emt 0:00:07]} a4 {[%emt 0:00:06]} 17. Bxc5 {[%emt 0:00:07]} bxc5 {[%emt 0:00:03]} 18. Nxa4 {[%emt 0:00:01]} Nd4 {[%emt 0:00:11]} 19. Rxd4 {[%emt 0:00:10]} Bxg2 {[%emt 0:00:01]} 20. Rd2 {[%emt 0:00:07]} Be4 {[%emt 0:00:11]} 21. Nd3 {[%emt 0:00:01]} Rfb8 {[%emt 0:00:09]} 22. Naxc5 {[%emt 0:00:10]} Bc6 {[%emt 0:00:18]} 23. Nb3 {[%emt 0:00:24]} Ba4 {[%emt 0:00:07]} 24. Ndc1 {[%emt 0:00:00]} Rb7 {[%emt 0:00:13]} 25. Qd3 {[%emt 0:00:09]} Rab8 {[%emt 0:00:13]} 26. Nd4 {[%emt 0:00:03]} Qc5 {[%emt 0:00:31]} 27. e3 {[%emt 0:00:05]} Rc8 {[%emt 0:00:09]} 28. b3 {[%emt 0:00:04]} Bc6 {[%emt 0:00:06]} 29. Nxc6 {[%emt 0:00:07]} Rxc6 {[%emt 0:00:01]} 30. a4 {[%emt 0:00:07]} Qa3 {[%emt 0:00:06]} 31. Ra2 {[%emt 0:00:03]} Qb4 {[%emt 0:00:03]} 32. Ne2 {[%emt 0:00:07]} h6 {[%emt 0:00:06]} 33. Nd4 {[%emt 0:00:02]} Rd6 {[%emt 0:00:01]} 34. Qc2 {[%emt 0:00:32]} Bxd4 {[%emt 0:00:01]} 35. exd4 Rxd4 {[%emt 0:00:01]} 36. Rd1 {[%emt 0:00:04]} Re4 {[%emt 0:00:05]} 37. a5 {[%emt 0:00:04]} Re5 {[%emt 0:00:03]} 38. a6 {[%emt 0:00:06]} Ra7 {[%emt 0:00:00]} 39. Ra4 {[%emt 0:00:03]} Qb6 {[%emt 0:00:02]} 40. Rda1 {[%emt 0:00:07]} Rc5 {[%emt 0:00:02]} 41. b4 {[%emt 0:00:03]} Re5 {[%emt 0:00:05]} 42. c5 {[%emt 0:00:05]} Qb8 {[%emt 0:00:02]} 43. Qc4 {[%emt 0:00:05]} Kh7 {[%emt 0:00:02]} 44. b5 {[%emt 0:00:02]} Re4 {[%emt 0:00:00]} 45. Qd3 {[%emt 0:00:02]} Re5 {[%emt 0:00:04]} 46. b6 {[%emt 0:00:03]} Ra8 {[%emt 0:00:01]} 47. a7 {[%emt 0:00:02]} Qb7 {[%emt 0:00:00]} 48. Qa6 {[%emt 0:00:03]} Qd5 {[%emt 0:00:05]} 49. b7 {[%emt 0:00:03]} Rf8 {[%emt 0:00:03]} 50. b8=Q {[%emt 0:00:03]} f4 {[%emt 0:00:02]} 51. Qxf8 {[%emt 0:00:07]} fxg3 {[%emt 0:00:01]} 52. hxg3 {[%emt 0:00:03]} Rh5 {[%emt 0:00:02]} 53. f3 {[%emt 0:00:15]} Qd2 {[%emt 0:00:01]} 54. R4a2 {[%emt 0:00:03]} Qe3+ {[%emt 0:00:04]} 55. Rf2 {[%emt 0:00:00]} Rg5 {[%emt 0:00:01]} 56. Qf4 {[%emt 0:00:02]} Qc3 {[%emt 0:00:01]} 57. Qe4+ {[%emt 0:00:00]} g6 {[%emt 0:00:01]} 58. a8=Q {[%emt 0:00:03]} 1-0

[Event "11th LCC Super Blitz 2019"]
[Site "London"]
[Date "2019.12.08"]
[Round "11.5"]
[White "Mortazavi, Ali"]
[Black "Klingher, Dominic"]
[Result "1-0"]
[WhiteElo "2333"]
[BlackElo "2071"]
[Annotator "NA"]
[PlyCount "53"]
[EventDate "2019.12.08"]
[EventType "swiss"]
[EventCountry "ENG"]
[SourceTitle "playchess.com"]
[Source "ChessBase"]
[SourceQuality "1"]
[TimeControl "180+2"]

1. Nf3 {[%emt 0:00:00]} d6 {[%emt 0:00:00]} 2. e4 {[%emt 0:00:01]} Nf6 {[%emt 0:00:00]} 3. Nc3 {[%emt 0:00:01]} Nbd7 {[%emt 0:00:01]} 4. d4 {[%emt 0:00:01]} e5 {[%emt 0:00:00]} 5. Bc4 Be7 6. a4 {[%emt 0:00:01]} c6 {[%emt 0:00:02]} 7. Ba2 {[%emt 0:00:01]} h6 {[%emt 0:00:01]} 8. a5 {[%emt 0:00:03]} Qc7 {[%emt 0:00:05]} 9. O-O {[%emt 0:00:01]} Nf8 {[%emt 0:00:11]} 10. b4 {[%emt 0:00:17]} g5 {[%emt 0:00:16]} 11. b5 {[%emt 0:00:03]} Ng6 {[%emt 0:00:05]} 12. a6 {[%emt 0:00:07]} g4 {[%emt 0:00:22]} 13. Ne1 {[%emt 0:00:03]} h5 {[%emt 0:00:04]} 14. axb7 {[%emt 0:00:02]} Bxb7 {[%emt 0:00:02]} 15. Rb1 {[%emt 0:00:15]} h4 {[%emt 0:00:14]} 16. Bg5 {[%emt 0:00:20]} g3 {[%emt 0:00:10]} 17. fxg3 {[%emt 0:00:13]} hxg3 {[%emt 0:00:30]} 18. Bxf6 {[%emt 0:00:02]} Rxh2 {[%emt 0:00:02]} 19. bxc6 {[%emt 0:00:12]} Bxc6 {[%emt 0:00:18]} 20. Nd5 {[%emt 0:00:05]} Bxd5 {[%emt 0:00:29]} 21. Bxd5 {[%emt 0:00:01]} Nf4 {[%emt 0:00:24]} 22. Rxf4 {[%emt 0:00:19]} exf4 {[%emt 0:00:02]} 23. Qg4 {[%emt 0:00:19]} Bxf6 {[%emt 0:00:10]} 24. Qg8+ {[%emt 0:00:14]} Kd7 {[%emt 0:00:05]} 25. Qxf7+ {[%emt 0:00:07]} Kc8 {[%emt 0:00:04]} 26. Be6+ {[%emt 0:00:03]} Kd8 {[%emt 0:00:07]} 27. Qf8# {[%emt 0:00:02]} 1-0

[Event "11th LCC Super Blitz 2019"]
[Site "London"]
[Date "2019.12.08"]
[Round "11.5"]
[White "Stepanyan, Henrik"]
[Black "Ignatovic, Ernest"]
[Result "1/2-1/2"]
[WhiteElo "2193"]
[BlackElo "1703"]
[Annotator "NA"]
[PlyCount "101"]
[EventDate "2019.12.08"]
[EventType "swiss"]
[EventCountry "ENG"]
[SourceTitle "playchess.com"]
[Source "ChessBase"]
[SourceQuality "1"]
[TimeControl "180+2"]

1. d4 {[%emt 0:00:00]} Nf6 {[%emt 0:00:00]} 2. c4 {[%emt 0:00:01]} d6 {[%emt 0:00:00]} 3. Nc3 {[%emt 0:00:02]} e5 {[%emt 0:00:00]} 4. d5 {[%emt 0:00:07]} Bf5 {[%emt 0:00:02]} 5. Nf3 {[%emt 0:00:05]} e4 {[%emt 0:00:18]} 6. Nd4 {[%emt 0:00:06]} Bg6 {[%emt 0:00:06]} 7. e3 {[%emt 0:00:02]} Be7 {[%emt 0:00:10]} 8. Be2 {[%emt 0:00:01]} O-O {[%emt 0:00:04]} 9. O-O {[%emt 0:00:03]} Nfd7 {[%emt 0:00:09]} 10. f4 {[%emt 0:00:05]} exf3 {[%emt 0:00:10]} 11. Bxf3 {[%emt 0:00:09]} Ne5 {[%emt 0:00:01]} 12. Be2 {[%emt 0:00:01]} Nbd7 {[%emt 0:00:15]} 13. Nf3 {[%emt 0:00:13]} Bf6 {[%emt 0:00:08]} 14. Kh1 {[%emt 0:00:13]} a5 {[%emt 0:00:06]} 15. Nb5 {[%emt 0:00:12]} Nc5 {[%emt 0:00:08]} 16. Nbd4 {[%emt 0:00:10]} Qd7 {[%emt 0:00:13]} 17. Nxe5 {[%emt 0:00:08]} Bxe5 {[%emt 0:00:07]} 18. Bg4 {[%emt 0:00:01]} Qe7 {[%emt 0:00:17]} 19. Bf5 {[%emt 0:00:16]} Qh4 {[%emt 0:00:04]} 20. Nf3 {[%emt 0:00:04]} Qxc4 {[%emt 0:00:18]} 21. Nxe5 {[%emt 0:00:23]} dxe5 {[%emt 0:00:01]} 22. Bxg6 {[%emt 0:00:01]} hxg6 {[%emt 0:00:04]} 23. b3 {[%emt 0:00:06]} Qe4 {[%emt 0:00:24]} 24. Ba3 {[%emt 0:00:09]} b6 {[%emt 0:00:22]} 25. Rc1 {[%emt 0:00:12]} Rad8 {[%emt 0:00:02]} 26. Bxc5 {[%emt 0:00:03]} bxc5 {[%emt 0:00:01]} 27. Rxc5 {[%emt 0:00:02]} Rd7 {[%emt 0:00:13]} 28. Qd2 {[%emt 0:00:09]} Rfd8 {[%emt 0:00:06]} 29. Rd1 {[%emt 0:00:00]} c6 {[%emt 0:00:04]} 30. Qxa5 {[%emt 0:00:10]} cxd5 {[%emt 0:00:02]} 31. Qe1 {[%emt 0:00:15]} d4 {[%emt 0:00:02]} 32. exd4 {[%emt 0:00:01]} Qxe1+ {[%emt 0:00:01]} 33. Rxe1 {[%emt 0:00:01]} exd4 {[%emt 0:00:01]} 34. Rd1 {[%emt 0:00:03]} d3 {[%emt 0:00:00]} 35. Kg1 {[%emt 0:00:01]} Ra8 {[%emt 0:00:01]} 36. a4 {[%emt 0:00:02]} Rb8 {[%emt 0:00:01]} 37. Rc3 {[%emt 0:00:00]} d2 {[%emt 0:00:01]} 38. Kf2 {[%emt 0:00:01]} Rb4 {[%emt 0:00:01]} 39. Ke2 {[%emt 0:00:01]} Re4+ {[%emt 0:00:00]} 40. Kf3 {[%emt 0:00:01]} Re1 {[%emt 0:00:02]} 41. Rxd2 {[%emt 0:00:19]} Rxd2 {[%emt 0:00:01]} 42. b4 {[%emt 0:00:01]} Rb1 {[%emt 0:00:01]} 43. b5 {[%emt 0:00:01]} Ra2 {[%emt 0:00:02]} 44. Rc4 {[%emt 0:00:01]} Rba1 {[%emt 0:00:02]} 45. b6 {[%emt 0:00:03]} Rxa4 {[%emt 0:00:01]} 46. Rc8+ {[%emt 0:00:01]} Kh7 {[%emt 0:00:02]} 47. b7 {[%emt 0:00:00]} R1a3+ {[%emt 0:00:04]} 48. Kf2 {[%emt 0:00:02]} Ra2+ {[%emt 0:00:01]} 49. Kf3 {[%emt 0:00:06]} R2a3+ {[%emt 0:00:01]} 50. Kf2 {[%emt 0:00:01]} Ra2+ {[%emt 0:00:03]} 51. Kf3 {[%emt 0:00:27]} 1/2-1/2

[Event "11th LCC Super Blitz 2019"]
[Site "London"]
[Date "2019.12.08"]
[Round "11.6"]
[White "Ratnesan, Ranesh"]
[Black "Kennedy, Craig"]
[Result "1-0"]
[WhiteElo "2213"]
[BlackElo "1899"]
[Annotator "NA"]
[PlyCount "57"]
[EventDate "2019.12.08"]
[EventType "swiss"]
[EventCountry "ENG"]
[SourceTitle "playchess.com"]
[Source "ChessBase"]
[SourceQuality "1"]
[TimeControl "180+2"]

1. Nf3 {[%emt 0:00:00]} e6 {[%emt 0:00:00]} 2. b3 {[%emt 0:00:02]} f5 {[%emt 0:00:02]} 3. Bb2 {[%emt 0:00:01]} Nf6 {[%emt 0:00:01]} 4. g3 {[%emt 0:00:03]} d5 {[%emt 0:00:02]} 5. Bg2 {[%emt 0:00:01]} Bd6 {[%emt 0:00:02]} 6. c4 {[%emt 0:00:03]} c6 {[%emt 0:00:03]} 7. d3 {[%emt 0:00:01]} O-O {[%emt 0:00:02]} 8. Nbd2 {[%emt 0:00:02]} Qe7 {[%emt 0:00:08]} 9. O-O {[%emt 0:00:07]} e5 {[%emt 0:00:03]} 10. c5 {[%emt 0:00:08]} Bc7 {[%emt 0:00:14]} 11. e4 {[%emt 0:00:13]} fxe4 {[%emt 0:00:04]} 12. dxe4 {[%emt 0:00:01]} d4 {[%emt 0:00:17]} 13. Qc2 {[%emt 0:00:10]} Na6 {[%emt 0:00:10]} 14. Rac1 {[%emt 0:00:09]} Bg4 {[%emt 0:00:06]} 15. Nh4 {[%emt 0:00:09]} Ba5 {[%emt 0:00:11]} 16. Nc4 {[%emt 0:00:13]} Bc7 {[%emt 0:00:19]} 17. h3 {[%emt 0:00:23]} Be6 {[%emt 0:00:04]} 18. Nd2 {[%emt 0:00:09]} Qd7 {[%emt 0:00:05]} 19. Kh2 {[%emt 0:00:01]} Rae8 {[%emt 0:00:09]} 20. a3 {[%emt 0:00:12]} Qf7 {[%emt 0:00:07]} 21. Rce1 {[%emt 0:00:08]} Bb8 {[%emt 0:00:11]} 22. b4 {[%emt 0:00:03]} Nc7 {[%emt 0:00:02]} 23. f4 {[%emt 0:00:07]} exf4 {[%emt 0:00:16]} 24. gxf4 {[%emt 0:00:01]} Nb5 {[%emt 0:00:02]} 25. e5 {[%emt 0:00:09]} Nh5 {[%emt 0:00:06]} 26. Be4 {[%emt 0:00:16]} g6 {[%emt 0:00:22]} 27. Nxg6 {[%emt 0:00:16]} hxg6 {[%emt 0:00:29]} 28. Bxg6 {[%emt 0:00:00]} Qg7 {[%emt 0:00:04]} 29. Bxh5 {[%emt 0:00:05]} 1-0

[Event "11th LCC Super Blitz 2019"]
[Site "London"]
[Date "2019.12.08"]
[Round "11.6"]
[White "Orlovska, Madara"]
[Black "Rowson, Jonathan"]
[Result "0-1"]
[WhiteElo "2072"]
[BlackElo "2561"]
[Annotator "ChessBase"]
[PlyCount "110"]
[EventDate "2019.12.08"]
[EventType "swiss"]
[EventCountry "ENG"]
[SourceTitle "playchess.com"]
[Source "ChessBase"]
[SourceQuality "1"]
[TimeControl "180+2"]

1. e4 {[%emt 0:00:00]} c6 {[%emt 0:00:00]} 2. d4 {[%emt 0:00:01]} d5 {[%emt 0:00:00]} 3. Nc3 {[%emt 0:00:01]} dxe4 {[%emt 0:00:01]} 4. Nxe4 {[%emt 0:00:01]} Bf5 {[%emt 0:00:01]} 5. Ng3 {[%emt 0:00:01]} Bg6 {[%emt 0:00:01]} 6. Bc4 {[%emt 0:00:01]} e6 {[%emt 0:00:04]} 7. N1e2 {[%emt 0:00:01]} Bd6 {[%emt 0:00:13]} 8. O-O {[%emt 0:00:07]} Ne7 {[%emt 0:00:07]} 9. Nf4 {[%emt 0:00:06]} O-O {[%emt 0:00:08]} 10. c3 {[%emt 0:00:10]} Bxf4 {[%emt 0:00:18]} 11. Bxf4 {[%emt 0:00:02]} Nd7 {[%emt 0:00:00]} 12. Re1 {[%emt 0:00:22]} Nb6 {[%emt 0:00:05]} 13. Bb3 {[%emt 0:00:02]} a5 {[%emt 0:00:07]} 14. Bc2 {[%emt 0:00:03]} a4 {[%emt 0:00:03]} 15. b3 {[%emt 0:00:09]} Nbd5 {[%emt 0:00:07]} 16. Bd2 {[%emt 0:00:01]} axb3 {[%emt 0:00:06]} 17. Bxg6 {[%emt 0:00:11]} hxg6 {[%emt 0:00:10]} 18. axb3 {[%emt 0:00:01]} Qb6 {[%emt 0:00:11]} 19. Qc2 {[%emt 0:00:07]} Nf6 {[%emt 0:00:07]} 20. h3 {[%emt 0:00:14]} Ra6 {[%emt 0:00:07]} 21. Rxa6 {[%emt 0:00:03]} Qxa6 {[%emt 0:00:01]} 22. Bf4 {[%emt 0:00:05]} Ra8 {[%emt 0:00:05]} 23. Bd6 {[%emt 0:00:01]} Nf5 {[%emt 0:00:25]} 24. Nxf5 {[%emt 0:00:02]} gxf5 {[%emt 0:00:01]} 25. c4 {[%emt 0:00:29]} Ne4 {[%emt 0:00:15]} 26. Be5 {[%emt 0:00:07]} Qa2 {[%emt 0:00:07]} 27. Re2 {[%emt 0:00:10]} Qa1+ {[%emt 0:00:31]} 28. Kh2 {[%emt 0:00:01]} f6 {[%emt 0:00:19]} 29. Bf4 {[%emt 0:00:05]} Qxd4 {[%emt 0:00:03]} 30. f3 {[%emt 0:00:07]} Nc3 {[%emt 0:00:07]} 31. Be3 {[%emt 0:00:00]} Qd6+ {[%emt 0:00:01]} 32. f4 {[%emt 0:00:07]} Nxe2 {[%emt 0:00:01]} 33. Qxe2 {[%emt 0:00:01]} Kf7 {[%emt 0:00:01]} 34. Qh5+ {[%emt 0:00:01]} Kg8 {[%emt 0:00:00]} 35. Qg6 {[%emt 0:00:01]} Rd8 {[%emt 0:00:04]} 36. Bb6 {[%emt 0:00:06]} Ra8 {[%emt 0:00:01]} 37. Be3 {[%emt 0:00:05]} Qe7 {[%emt 0:00:01]} 38. Qh5 {[%emt 0:00:15]} Rd8 {[%emt 0:00:01]} 39. Qe2 {[%emt 0:00:12]} Qd6 {[%emt 0:00:02]} 40. Qf2 {[%emt 0:00:04]} Qd3 {[%emt 0:00:03]} 41. Bb6 {[%emt 0:00:04]} Ra8 {[%emt 0:00:02]} 42. Qe1 {[%emt 0:00:11]} Kf7 {[%emt 0:00:01]} 43. Qh4 {[%emt 0:00:09]} Qxb3 {[%emt 0:00:02]} 44. Qh5+ {[%emt 0:00:01]} Kg8 {[%emt 0:00:03]} 45. c5 {[%emt 0:00:01]} Qd5 {[%emt 0:00:02]} 46. Qe2 {[%emt 0:00:05]} Ra2 {[%emt 0:00:02]} 47. Qf1 {[%emt 0:00:02]} Qe4 {[%emt 0:00:02]} 48. Bc7 {[%emt 0:00:02]} Kf7 {[%emt 0:00:01]} 49. h4 {[%emt 0:00:03]} Qd5 {[%emt 0:00:03]} 50. Bd6 {[%emt 0:00:02]} b5 {[%emt 0:00:01]} 51. h5 {[%emt 0:00:11]} b4 {[%emt 0:00:01]} 52. Kh3 {[%emt 0:00:02]} b3 {[%emt 0:00:03]} 53. g3 {[%emt 0:00:06]} Rc2 {[%emt 0:00:02]} 54. Qa6 {[%emt 0:00:01]} Qg2+ {[%emt 0:00:03]} 55. Kh4 {[%emt 0:00:01]} Qh2# {[%emt 0:00:01]} 0-1

[Event "11th LCC Super Blitz 2019"]
[Site "London"]
[Date "2019.12.08"]
[Round "11.6"]
[White "Onslow, Teddy"]
[Black "Phillips, David"]
[Result "0-1"]
[WhiteElo "1647"]
[BlackElo "1810"]
[Annotator "NA"]
[PlyCount "94"]
[EventDate "2019.12.08"]
[EventType "swiss"]
[EventCountry "ENG"]
[SourceTitle "playchess.com"]
[Source "ChessBase"]
[SourceQuality "1"]
[TimeControl "180+2"]

1. d4 {[%emt 0:00:00]} Nf6 {[%emt 0:00:01]} 2. Bf4 {[%emt 0:00:00]} d5 {[%emt 0:00:10]} 3. e3 {[%emt 0:00:01]} e6 {[%emt 0:00:05]} 4. Bd3 {[%emt 0:00:00]} c5 {[%emt 0:00:03]} 5. c3 {[%emt 0:00:01]} Nc6 {[%emt 0:00:02]} 6. Nd2 {[%emt 0:00:01]} Bd6 {[%emt 0:00:03]} 7. Bxd6 {[%emt 0:00:00]} Qxd6 {[%emt 0:00:02]} 8. f4 {[%emt 0:00:01]} h5 {[%emt 0:00:02]} 9. Ngf3 {[%emt 0:00:01]} cxd4 {[%emt 0:00:05]} 10. cxd4 {[%emt 0:00:01]} Bd7 {[%emt 0:00:05]} 11. Ne5 {[%emt 0:00:02]} Ne7 {[%emt 0:00:14]} 12. Ndf3 {[%emt 0:00:09]} Nf5 {[%emt 0:00:15]} 13. Bxf5 {[%emt 0:00:17]} exf5 {[%emt 0:00:03]} 14. Nxd7 {[%emt 0:00:12]} Qxd7 {[%emt 0:00:13]} 15. O-O {[%emt 0:00:01]} O-O {[%emt 0:00:10]} 16. Ne5 {[%emt 0:00:02]} Qb5 {[%emt 0:00:06]} 17. b3 {[%emt 0:00:29]} Rac8 {[%emt 0:00:03]} 18. Rc1 {[%emt 0:00:01]} g6 {[%emt 0:00:22]} 19. h3 {[%emt 0:00:59]} Ne4 {[%emt 0:00:09]} 20. Kh2 {[%emt 0:00:02]} Kg7 {[%emt 0:00:43]} 21. Rg1 {[%emt 0:00:59]} f6 {[%emt 0:00:27]} 22. Nd3 {[%emt 0:00:02]} Rxc1 {[%emt 0:00:06]} 23. Nxc1 {[%emt 0:00:02]} Rc8 {[%emt 0:00:03]} 24. Qd3 {[%emt 0:00:11]} Qa5 {[%emt 0:00:06]} 25. a4 {[%emt 0:00:14]} Rc3 {[%emt 0:00:07]} 26. Qb5 {[%emt 0:00:00]} Qxb5 {[%emt 0:00:04]} 27. axb5 {[%emt 0:00:00]} Rc7 {[%emt 0:00:01]} 28. Re1 {[%emt 0:00:03]} a6 {[%emt 0:00:00]} 29. bxa6 {[%emt 0:00:01]} bxa6 {[%emt 0:00:01]} 30. Kg1 {[%emt 0:00:01]} Rb7 {[%emt 0:00:01]} 31. Kf1 {[%emt 0:00:01]} Kf7 {[%emt 0:00:01]} 32. Ke2 {[%emt 0:00:01]} Ke6 {[%emt 0:00:00]} 33. Kd3 {[%emt 0:00:01]} Nf2+ {[%emt 0:00:01]} 34. Kc2 {[%emt 0:00:01]} Rc7+ {[%emt 0:00:01]} 35. Kb2 {[%emt 0:00:01]} Ne4 {[%emt 0:00:01]} 36. Nd3 {[%emt 0:00:05]} Kd6 {[%emt 0:00:03]} 37. Rc1 {[%emt 0:00:02]} Rxc1 {[%emt 0:00:06]} 38. Nxc1 {[%emt 0:00:02]} Nd2 {[%emt 0:00:01]} 39. Nd3 {[%emt 0:00:05]} Nf1 {[%emt 0:00:01]} 40. Nc5 {[%emt 0:00:01]} Nxe3 {[%emt 0:00:02]} 41. Nxa6 {[%emt 0:00:01]} Nxg2 {[%emt 0:00:01]} 42. b4 {[%emt 0:00:01]} Nxf4 {[%emt 0:00:01]} 43. b5 {[%emt 0:00:00]} Nxh3 {[%emt 0:00:04]} 44. Kb3 {[%emt 0:00:01]} f4 {[%emt 0:00:01]} 45. Kb4 {[%emt 0:00:01]} f3 {[%emt 0:00:01]} 46. Ka5 {[%emt 0:00:02]} f2 {[%emt 0:00:01]} 47. b6 {[%emt 0:00:00]} Kc6 {[%emt 0:00:01]} 0-1